Statistics for Famous people who died due to Covid-19

Click here to take the quiz!

General Stats

  • This quiz has been taken 16 times
  • The average score is 4 of 13

Answer Stats

Date of deathNationalityAgeHintAnswer% Correct
January 20, 2022USA74Rock singer named after a ground meat dishMeat Loaf
87%
August 11, 2020USA83Singer, Guitarist and Actor who designed guitars for Gibson corporations (has the same name as a famous Jennifer)Trini Lopez
47%
October 18, 2021USA84First black secretary of state in the USColin Powell
40%
January 23, 2021USA87Television and radio host who married 8 times with 7 different womenLarry King
40%
December 2, 2020France94Former president of France during the 70sValéry Giscard d'Estaing
27%
October 10, 2021Pakistan85Nuclear engineer "Father of Pakistan's nuclear weapons"Abdul Qadeer Khan
20%
March 29, 2020USA69Lead singer of the band "The Arrows" and writer of "I love Rock'n'Roll"Alan Merrill
20%
August 24, 2021Chad79Brutal dictator from Chad who died in Dakar where he was in prison for crimes against HumanityHissène Habré
20%
October 4, 2020Japan81Fashion Designer, founder of KenzōKenzō Takada
20%
January 14, 2022Spain82Postmodernist architect from CataloniaRicardo Bofill
20%
March 15, 2020Italy92Architect and editor-in-chief of the magazine "Casabella"Vittorio Gregotti
20%
May 8, 2020USA75German-American magician and entertainer famous for his white tigers and lionsRoy Horn
13%
January 25, 2020China60The first scientist to discover and die from Covid-19Liang Wudong
7%

Score Distribution

Percentile by Number Answered

Percent of People with Each Score

Your Score History

You have not taken this quiz